000 00441nam a2200157 4500
001 113364
003 ES-MaACL
005 20230906185848.0
007 t|
008 061121s1968 sp r ||||1| spa d
100 1 _aPablo
_bVI
_cPapa, Santo.
_9168351
245 1 0 _aBienaventurados los que tienen fé /
_cpapa Pablo VI.
260 _aBilbao :
_bEd. Paulinas,
_c1968.
300 _a227 p. ;
_c20 cm.
852 _aES-MaACL
_jC-35259
_bR.68358
999 _c113364
_d113364